|
|
|
|
| LEADER |
00808nam a22001697a 4500 |
| 008 |
190223b xxu||||| |||| 00| 0 eng d |
| 999 |
|
|
|c 25935
|d 25935
|
| 020 |
|
|
|a 9789380081816
|
| 082 |
|
|
|a 954.831
|b MAY
|
| 245 |
|
|
|a Identity, popular culture, and resistance :
|b studies on colonial Malabar /
|c edited by O. P. Mayankutty
|
| 250 |
|
|
|a 1st ed.
|
| 260 |
|
|
|a Calicut :
|b Other Books,
|c 2018.
|
| 300 |
|
|
|a 304p.
|
| 700 |
|
|
|a Mayankutty, O. P.
|e editor.
|
| 942 |
|
|
|2 ddc
|c BK
|
| 952 |
|
|
|0 0
|1 0
|2 ddc
|4 0
|6 954_831000000000000_MAY
|7 0
|9 35511
|a MAIN
|b MAIN
|d 2019-02-23
|e Other Books
|g 420.00
|l 3
|o 954.831 MAY
|p 34104
|r 2020-02-06
|s 2020-01-06
|t 1
|w 2019-02-23
|y BK
|
| 952 |
|
|
|0 0
|1 0
|2 ddc
|4 0
|6 954_831000000000000_MAY
|7 0
|9 35512
|a MAIN
|b MAIN
|d 2019-02-23
|e Other Books
|g 420.00
|l 2
|o 954.831 MAY
|p 34105
|q 2019-11-03
|r 2019-10-04
|s 2019-10-04
|t 2
|w 2019-02-23
|y BK
|